Celebrities on Halloween Quiz Stats

 Plays Quiz Updated Oct 31, 2015

Challenge
Share
Tweet
Score 0/20 Timer 07:00
2 Plays Today
% Correct
Paris Hilton
94.6%
Kim Kardashian
92.8%
Jamie Lee Curtis
77.2%
Anne Hathaway
76.9%
Will Ferrell
76.7%
Neil Patrick Harris, David Burtka, and Family
74.7%
Rihanna
72.2%
Sean Combs
59.4%
Quentin Tarantino
57.6%
Christina Aguilera
54.8%
% Correct
Pink
50.3%
Fergie
48%
Gwen Stefani
46.6%
Mindy Kaling
46.4%
Sandra Bullock
44.4%
Katy Perry
40%
Martha Stewart
27.2%
Heidi Klum
26.3%
Jack Osbourne
24.6%
Channing Tatum
16.5%

You're not logged in!

Compare scores with friends on all Sporcle quizzes.
Join for Free
OR
Log In

You Might Also Like...

Show Comments

Extras

Top Quizzes Today


Score Distribution

Your Account Isn't Verified!

In order to create a playlist on Sporcle, you need to verify the email address you used during registration. Go to your Sporcle Settings to finish the process.

Report this User

Report this user for behavior that violates our Community Guidelines.

Details: